Booba - Petite fille - Statistiques

Statistiques générales
  • Ce quiz a été pris 364 fois
  • Le résultat moyen est 195 sur 419
Statistiques - réponses
Hint Réponse % Correct
à
98%
A
98%
À
98%
L
98%
M
98%
me
95%
N
95%
fille
93%
petite
93%
La
91%
la
91%
91%
le
91%
dans
90%
ma
90%
que
90%
de
88%
es
88%
les
87%
qui
87%
pas
86%
bras
84%
Il
82%
court
79%
Ne
79%
y'a
79%
Y'a
79%
En
78%
en
78%
mon
75%
tu
74%
Tu
74%
vie
73%
rêve
69%
Ü
69%
U
69%
qu'ma
65%
je
64%
Je
64%
n'y'a
64%
mais
63%
Mais
63%
qu'tu
63%
Si
63%
toi
63%
est
61%
qu'ça
61%
au
58%
des
58%
on
58%
On
58%
ces
56%
n'est
55%
t'es
53%
T'es
53%
tes
53%
m'enlèveras
52%
pour
51%
sur
50%
Dieu
49%
pute
49%
elle
48%
fils
48%
j'te
48%
âme
47%
comme
46%
l'état
46%
vends
46%
qu'une
45%
un
44%
C'est
43%
c'est
43%
par
43%
ton
42%
Ton
42%
tout
41%
escale
40%
plus
40%
Car
38%
reste
38%
Stanislas
38%
grand
37%
noir
37%
paire
37%
passera
37%
fait
36%
jamais
36%
schneck
36%
ils
35%
Ils
35%
Blanche
34%
fais
34%
femme
34%
lui
34%
manie
34%
Manny
34%
nous
34%
envole-toi
33%
petits
33%
banc
32%
croire
32%
main
32%
pense
32%
secours
32%
Bitch
31%
bite
31%
d'la
31%
doigts
31%
kilogrammes
31%
quoi
31%
rien
31%
Rien
31%
sans
31%
Sans
31%
sont
31%
bien
30%
loin
30%
mer
30%
Batard
29%
chat
29%
J'suis
29%
j'suis
29%
beretta
28%
Bruce
28%
Elles
28%
laisses
28%
Lee
28%
l'honneur
28%
neuf
28%
race
28%
tellement
28%
une
28%
attribué
26%
Avant
26%
être
26%
eux
26%
même
26%
met
26%
millimètres
26%
taille
26%
tenant
26%
t'l'enlèvera
26%
aux
25%
deux
25%
ira
25%
leur
25%
n't'a
25%
Sinon
25%
toutes
25%
aucune
24%
Bonheur
24%
Demain
24%
donc
24%
d'un
24%
fasses
24%
haine
24%
insortable
24%
lois
24%
love
24%
mouton
24%
nègre
24%
qu't'appelles
24%
tête
24%
Vice
24%
contre
23%
crache
23%
d'autre
23%
d'ma
23%
J'rappe
23%
l'assiette
23%
l'étroit
23%
lune
23%
Miami
23%
peine
23%
Place
23%
toits
23%
bang
22%
fort
22%
France
22%
J'n'ai
22%
mama
22%
marmots
22%
Réputé
22%
vaut
22%
Boulbi
21%
confortable
21%
d'l'amour
21%
d'une
21%
époque
21%
formidable
21%
Fuck
21%
j'm'arrete
21%
J'tomberais
21%
L'argent
21%
l'schlass
21%
m'asseoir
21%
n'suis
21%
ouvre
21%
pieds
21%
remplit
21%
rire
21%
sais
21%
vrai
21%
carrés
20%
enfreint
20%
habitables
20%
T'as
20%
thé
20%
avec
19%
biatchs
19%
Brochette
19%
Corleone
19%
diable
19%
d'piston
19%
Felipe
19%
l'bonheur
19%
n'fait
19%
niquer
19%
bonne
18%
daronnes
18%
huit
18%
l'idée
18%
mètres
18%
passerais
18%
Afrique
16%
beau
16%
cent
16%
dessus
16%
faites
16%
fumeras
16%
l'Etna
16%
l'vip
16%
Portes
16%
soleil
16%
Tony
16%
balances
15%
d'toi
15%
fermées
14%
Couplet unique Izy
14%
l'entrejambe
14%
leurs
14%
n'ont
14%
perdrais
14%
qu'parler
14%
schneckzer
14%
vivre
14%
bleu
13%
tchétchène
13%
dab
12%
pensent
12%
t'appeler
12%
bitchs
11%
Conférence
11%
j'pense
11%
Libérez-moi
11%
poitrine
11%
sors
11%
armes
10%
l'quartier
10%
s'tire
10%
and
9%
d'Ukraine
9%
eh
9%
El-Fna
9%
Jemaa
9%
kopp
9%
maitres
9%
pendez
9%
Repeint
8%
terma
8%
Amistad
6%
Blood
6%
jab
6%
nègres
6%
Coupé-décalé
5%
n'donnent
3%
Aucun quiz correspondant
Distribution des résultats
% des personnes avec chaque résultat
Percentile par nombre de réponses
Votre historique - résultats
Vous n’avez pas pris ce quiz